000 00312nam a22001217a 4500
041 _aENG
100 _aMaddala.R
245 _aInternational Encyclopaedia of Agricultural Engineering
260 _aDelhi
_bAnmol Publications PVT
_c2007
300 _a300
650 _aCompetitive Exam
856 _uCompetitive Exam
999 _c689
_d689